00535nam a2200193Ia 4500008004100000020001800041050001400059100002400073245002900097245004300126245005600169260001500225260001700240260000900257300001400266300002200280300001000302440002900312180207s9999 xx 000 0 und d a9789715907460 bA211 2012 aAdams, Christine A. aWorry, worry, go away! : ba kid's book about worry and anxiety / cby Christine A. Adams ; illustrated by R. W. Alley. aNew York : bAbbey Press, c2012 aunpaged : bchiefly colored ; c20cm. aElf-help books for kids.